Feature, editorial and opinion writing. (Record no. 110605)
[ view plain ]
| 000 -LEADER | |
|---|---|
| fixed length control field | 00365nam a2200133 a 4500 |
| 005 - DATE AND TIME OF LATEST TRANSACTION | |
| control field | 20140414131900.0 |
| 008 - FIXED-LENGTH DATA ELEMENTS--GENERAL INFORMATION | |
| fixed length control field | 100913s19uu xx 00 eng d |
| 050 ## - LIBRARY OF CONGRESS CALL NUMBER | |
| Classification number | FIL 070.4 |
| Item number | M29 2008 |
| 100 ## - MAIN ENTRY--PERSONAL NAME | |
| Personal name | Malinao, Alito |
| 245 ## - TITLE STATEMENT | |
| Title | Feature, editorial and opinion writing. |
| 260 ## - PUBLICATION, DISTRIBUTION, ETC. (IMPRINT) | |
| Place of publication, distribution, etc | Manila : |
| Name of publisher, distributor, etc | National Book Store, |
| Date of publication, distribution, etc | 2008. |
| 650 ## - SUBJECT ADDED ENTRY--TOPICAL TERM | |
| Topical term or geographic name as entry element | Journalism |
| Withdrawn status | Lost status | Damaged status | Home library | Current library | Shelving location | Date acquired | Total Checkouts | Full call number | Barcode | Date last seen | Price effective from | Koha item type |
|---|---|---|---|---|---|---|---|---|---|---|---|---|
| Munich Library | Munich Library | Filipiniana Section | 09/13/2010 | FIL 070.4 M29 2008 | M1056 | 04/14/2014 | 04/14/2014 | Books |